000
00255nam a22001217a 4500
003
SGT
082
_a
618.92
_b
P16H
100
_a
HOLMES, GREGORY L.
245
_a
PEDIATRIC NEUROLOGY
260
_a
INDIA
_b
OXFORD
_c
2016
300
_a
206
942
_2
ddc
_c
BK
999
_c
14982
_d
14982